| 000 | 01309nam a2200337 u 4500 | ||
|---|---|---|---|
| 001 | |||
| 003 | DO-SdBNP | ||
| 005 | 20220325134051.0 | ||
| 008 | 100812s2019 dr a r 000 0 spa d | ||
| 020 | _a9789945917567 | ||
| 040 |
_aDO-SdBNP _bspa _cBPMSU |
||
| 082 |
_a301.27293 _bA577c, 2019 _222 |
||
| 100 | 1 |
_aAndújar Persinal, Carlos, _d1956- |
|
| 245 | 1 | 3 |
_aLa cultura y la sociedad dominicana : _buna mirada socioantropológica / _cCarlos Andújar Persinal ; edición Fari Rosario ; prólogo Rubén Silié. |
| 250 | _a3a ed. | ||
| 260 |
_aSanto Domingo : _bINTEC, _c2019. |
||
| 300 |
_axvii, 235 p. : _bil. ; _c23 cm. |
||
| 500 | _aIncluye datos biográficos del autor en las solapas | ||
| 504 | _aBibliografía : p. 231-235 | ||
| 505 | 0 |
_aPrefacio -- _tPrólogo -- _tLos restos de la familia como institución -- _tTemas de sociedad -- _tTemas de cultura -- _tMisceláneas temáticas -- |
|
| 590 | _aInventariado, 2022/VM | ||
| 650 | 4 |
_aCultura _zRepública Dominicana _vArtículos periodísticos |
|
| 650 | 4 | _aAntropología social | |
| 650 | 4 |
_aIdentidad nacional _zRepública Dominicana |
|
| 700 | 1 |
_aRosario, Fari, _eeditor |
|
| 700 | 1 |
_aSilié, Rubén _d1946- _eprólogo |
|
| 710 | 2 | _aInstituto Tecnológico de Santo Domingo | |
| 710 | z | _aINTEC | |
| 910 | _aVMateo V. | ||
| 942 |
_2ddc _cBK |
||
| 999 |
_c14116 _d14116 |
||